La Carta municipal de Barcelona en la reforma del régimen local / Tomàs Font ; revisión de textos: Eva Garrido Eva Garrido
ISBN:
84-95417-02-2
Descripción Física:
19 p. ; 20 cm
Colección:
Punt de vista ; 7
Otros Autores:
Garrido, Eva
MARC
| LEADER | 00000nam a2200000Ia 4500 | ||
|---|---|---|---|
| 001 | 22379 | ||
| 008 | 160829s2000 xx 000 0 cat d | ||
| 020 | |a 84-95417-02-2 | ||
| 080 | |a FU-54-43 | ||
| 100 | |a Font i Llovet, Tomàs, |d 1956- |9 42221 | ||
| 245 | |a La Carta municipal de Barcelona en la reforma del régimen local / Tomàs Font ; revisión de textos: |b Eva Garrido | ||
| 260 | |a Barcelona : |b Fundació Carles Pi i Sunyer d'Estudis Autonòmics i Locals, |c 2000 | ||
| 300 | |a 19 p. ; |c 20 cm | ||
| 490 | |a Punt de vista ; 7 | ||
| 650 | |a Barcelona. Carta Municipal de Barcelona |9 22166 | ||
| 650 | 0 | |a Municipis |x Govern i administració |9 22275 | |
| 650 | |a Dret municipal |x Barcelona |9 42223 | ||
| 651 | 0 | |a Barcelona (Catalunya) |x Política i govern |9 53684 | |
| 700 | 1 | |a Garrido, Eva |9 42225 | |
| 710 | 1 | |a Fundació Carles Pi i Sunyer d'Estudis Autonòmics i Locals |9 52753 | |
| 901 | |a Arxiu | ||
| 942 | |n 1 | ||
| 952 | |0 0 |1 0 |4 0 |6 FU5443 |7 1 |9 50715 |a Arxiu |b Arxiu |d 2016-12-01 |l 0 |o FU-54-43 |p 22379 |r 2016-12-01 00:00:00 |w 2016-12-01 |y ARXIU | ||
| 999 | |c 54557 |d 54557 | ||